000
00308nam a22001217a 4500
008
230627b xxu||||| |||| 00| 0 eng d
020
_a
0813806453
082
_a
338.18
_b
BRE 1977
245
_a
Farm Policy: 13 Essays
260
_b
The Lowa State University Press
_c
1977
300
_a
VII,121p
942
_2
ddc
_c
BK
999
_c
2863
_d
2863